| 000 | 01114 a2200229 4500 | ||
|---|---|---|---|
| 999 |
_c7105 _d7105 |
||
| 005 | 20190403124833.0 | ||
| 008 | 080912t xxu||||| |||| 00| 0 hin d | ||
| 010 | _aHIN-80796 B-284900 | ||
| 020 |
_a8185999872 _c375.00 |
||
| 035 | _aHN-53142 B-284900 | ||
| 035 | _aB-242900, B-242902 | ||
| 037 | _bD.B.Act / pub | ||
| 082 | _a070.4 | ||
| 100 |
_aमिश्र, देवप्रकाश _940458 |
||
| 245 |
_aहिंदी पत्रकारिता :आधुनिक संदर्भ _cदेवप्रकाश मिश्र |
||
| 246 |
_aHindi patrakarita: Aadhunik sandrabh _bby-Devparkash Mishra |
||
| 260 |
_aदिल्ली _bस्वराज प्रकाशन _c2007 |
||
| 270 |
_a4697/3, 21ए, अंसारी रोड, दरियागंज _bदिल्ली _e110002 |
||
| 300 |
_a185पृ _c22 सेमी (सजिल्द) |
||
| 942 |
_adpl _cHN _k070.4 / मिश्रदे _2ddc _h070.4 _mमिश्रदे |
||